01876nam a2200397 a 4500001001200000003000800012006001900020007001500039008004100054010001700095020002600112020002900138020002700167020003000194020002700224040002100251035002100272050002500293100002800318245014700346260013900493300001600632490003900648504006400687505024800751533015200999650003301151650001501184650002201199650002601221655002901247710001701276830004001293856012601333999001901459ebr10479879CaPaEBRm u cr cn|||||||||100604s2009 enk sb 001 0 eng d z 2010293957 z0745329268 (hardback) z9780745329260 (hardback) z074532925X (paperback) z9780745329253 (paperback) z9781849644273 (e-book) aCaPaEBRcCaPaEBR a(OCoLC)65684663614aJZ1318b.M334 2009eb1 aMaeckelbergh, Marianne.14aThe will of the manyh[electronic resource] :bhow the alterglobalisation movement is changing the face of democracy /cMarianne Maeckelbergh. aLondon ;aNew York :bPluto Press ;aNew York :bDistributed in the United States of America exclusively by Palgrave Macmillan,c2009. axii, 284 p.1 aAnthropology, culture, and society aIncludes bibliographical references (p. 248-271) and index.0 aIntroduction: the unglamorous side of glory -- Horizontal armies and vertical networks -- Turning dreams into reality -- Creating conflictive spaces -- Reinventing democracy -- Resisting unity through networks -- Conclusion: taking their time. aElectronic reproduction.bPalo Alto, Calif. :cebrary,d2013.nAvailable via World Wide Web.nAccess may be limited to ebrary affiliated libraries. 0aAnti-globalization movement. 0aDemocracy. 0aSocial movements. 0aWorld politicsy1989- 7aElectronic books.2local2 aebrary, Inc. 0aAnthropology, culture, and society.40uhttp://site.ebrary.com/lib/rucke/Doc?id=10479879zAn electronic book accessible through the World Wide Web; click to view c118009d118009